Time-consuming production and economic growth

Guardado en:
Detalles Bibliográficos
Autor principal: Dujava, Daniel
Formato: Capítulo de libro
Lenguaje:eslovaco
Etiquetas: Agregar Etiqueta
Sin Etiquetas, Sea el primero en etiquetar este registro!

MARC

LEADER 00000nla a2200000 4500
001 0226957
005 20240506131639.4
041 0 |a slo 
044 |a SK 
245 1 0 |a Time-consuming production and economic growth  |c Daniel Dujava 
100 1 |a Dujava, Daniel